| 000 | 00366pam a2200157a 44500 | ||
|---|---|---|---|
| 008 | 230515b2009 xxu||||| |||| 00| 0 eng d | ||
| 020 | _a97881239099455 | ||
| 041 | _aENGLISH | ||
| 082 | _a0 | ||
| 100 | _aBHATTACHARYYA | ||
| 245 | _aCHEMICAL EQUIPMENT DESIGN | ||
| 250 | _a0 | ||
| 260 |
_aNEW DELHI _bC B S PUBLICATION _c2009 |
||
| 300 | _a298P | ||
| 650 | _aNULL | ||
| 999 |
_c599133 _d599133 |
||